| 000 | 00452nam a2200181Ia 4500 | ||
|---|---|---|---|
| 008 | 230719s9999 xx 000 0 und d | ||
| 020 | _a978-81-219-3697-2 | ||
| 041 | _aeng | ||
| 082 |
_a510 _bDAS |
||
| 100 | _aDass H.K. | ||
| 245 | _aIntroduction To Engineering Mathematics Vol-2 | ||
| 250 | _a8th ed. | ||
| 260 |
_c2016 _bS. Chand and Company |
||
| 300 | _a628 | ||
| 365 |
_cRs. _b275.00 |
||
| 700 | _aDass H.K. & Verma R. | ||
| 906 | _b137.01 | ||
| 999 |
_c354749 _d354749 |
||